000 01070cas a22003017ar4500
005 20220329142057.0
008 990528d1969 us sr peraa 0 aub0eng d
010 _a78051
011 _a79023
035 _a89146
245 0 4 _aB.A.S.I.C.
_bBiological Abstracts
_c/by BioSciences Information Service of Biological Abstracts
260 0 _aPhiladelphia, PA. :
_bBioSciences Information Service of Biological Abstracts,
_c1921?-
300 _av.
310 _aQuincenal
362 1 _av.50 n.24, 1969
500 _aSe dejo de recibir a partir del v.50 n.24 de 1969.
590 _aBATCH-UPD
_b10
_c20130110
_lUCH01
_h0813
590 _aBATCH-UPD
_b10
_c20130410
_lUCH01
_h0450
590 _aBATCH-UPD
_b10
_c20130914
_lUCH01
_h0634
590 _aCONVERSION
_b10
_c20130109
_lUCH01
_h1343
650 1 4 _aBiología
_xResúmenes
_xPublicaciones periódicas.
_912801
785 0 4 _tBiological Abstracts
866 _av.43 n.6 (1963)
866 _av.44 n.3,5-6 (1963)
866 _av.45 n.1-v.50 n.24 (1964-1969)
901 _aSE
905 _aMarco A. Mendoza T.
999 _c78051
_d78051